Detalles MARC
| 000 -LEADER |
| fixed length control field |
01671nam a2200373Ia 4500 |
| 003 - CONTROL NUMBER IDENTIFIER |
| control field |
OSt |
| 005 - DATE AND TIME OF LATEST TRANSACTION |
| control field |
20200407182906.0 |
| 008 - FIXED-LENGTH DATA ELEMENTS--GENERAL INFORMATION |
| fixed length control field |
191128s2016 ck gr 000 0dspa d |
| 020 ## - INTERNATIONAL STANDARD BOOK NUMBER |
| International Standard Book Number |
9789587724745 |
| Qualifying information |
Obra completa |
| 020 ## - INTERNATIONAL STANDARD BOOK NUMBER |
| International Standard Book Number |
9789587724752 |
| Qualifying information |
v.1 |
| 020 ## - INTERNATIONAL STANDARD BOOK NUMBER |
| International Standard Book Number |
9789587724769 |
| Qualifying information |
v.2 |
| 020 ## - INTERNATIONAL STANDARD BOOK NUMBER |
| International Standard Book Number |
9789587724776 |
| Qualifying information |
v.3 |
| 020 ## - INTERNATIONAL STANDARD BOOK NUMBER |
| International Standard Book Number |
9789587724783 |
| Qualifying information |
v.4 |
| 040 ## - CATALOGING SOURCE |
| Original cataloging agency |
CO-JMCR |
| Transcribing agency |
CO-JMCR |
| 041 0# - LANGUAGE CODE |
| Language code of text/sound track or separate title |
spa |
| 082 04 - DEWEY DECIMAL CLASSIFICATION NUMBER |
| Classification number |
323.04 / |
| Item number |
B517j |
| Edition number |
21 |
| 100 1# - MAIN ENTRY--PERSONAL NAME |
| Personal name |
Bernal Pulido, Carlos, |
| Relator term |
editor |
| 9 (RLIN) |
2721 |
| 245 10 - TITLE STATEMENT |
| Title |
Justicia transicional : |
| Statement of responsibility, etc. |
Carlos Bernal Pulido, Gerardo Barbosa Castillo y Andrés Rolando Ciro Gómez, editores |
| 250 ## - EDITION STATEMENT |
| Edition statement |
Primera edición |
| 260 ## - PUBLICATION, DISTRIBUTION, ETC. |
| Place of publication, distribution, etc. |
Bogotá : |
| Name of publisher, distributor, etc. |
Universidad Externado de Colombia : Ejercito Nacional de Colombia, |
| Date of publication, distribution, etc. |
2016 |
| 300 ## - PHYSICAL DESCRIPTION |
| Extent |
4v. ; |
| Dimensions |
21 cm. |
| 490 0# - SERIES STATEMENT |
| Series statement |
Ejército, institucionalidad y sociedad |
| 504 ## - BIBLIOGRAPHY, ETC. NOTE |
| Bibliography, etc. note |
Incluye bibliografía al final de algunos capítulos. |
| 505 0# - FORMATTED CONTENTS NOTE |
| Miscellaneous information |
v.1 |
| Title |
Retos teóricos |
| Miscellaneous information |
v.2 |
| Title |
El caso de Colombia |
| Miscellaneous information |
v.3 |
| Title |
El papel de las fuerzas armadas |
| Miscellaneous information |
v.4 |
| Title |
Verdad y responsabilidad |
| 520 ## - SUMMARY, ETC. |
| Summary, etc. |
Un ejercito capaz de generar desde su interior procesos de transformación autónomos es un ejército consciente de la trasecendencia de su función y comprometido con la efectividad de los postulados constitucionales. |
| 650 14 - SUBJECT ADDED ENTRY--TOPICAL TERM |
| Topical term or geographic name entry element |
Justicia transicional |
| Geographic subdivision |
Colombia |
| 9 (RLIN) |
2722 |
| 650 14 - SUBJECT ADDED ENTRY--TOPICAL TERM |
| Topical term or geographic name entry element |
Administración de justicia |
| 9 (RLIN) |
2271 |
| 650 14 - SUBJECT ADDED ENTRY--TOPICAL TERM |
| Topical term or geographic name entry element |
Verdad, justicia y reparación |
| 9 (RLIN) |
2723 |
| 650 14 - SUBJECT ADDED ENTRY--TOPICAL TERM |
| Topical term or geographic name entry element |
Paz |
| General subdivision |
aspectos jurídicos |
| 9 (RLIN) |
2724 |
| 650 14 - SUBJECT ADDED ENTRY--TOPICAL TERM |
| Topical term or geographic name entry element |
Responsabilidad del estado |
| 9 (RLIN) |
2725 |
| 700 1# - ADDED ENTRY--PERSONAL NAME |
| Personal name |
Barbosa Castillo, Gerardo, |
| Relator term |
editor |
| 9 (RLIN) |
2726 |
| 700 1# - ADDED ENTRY--PERSONAL NAME |
| Personal name |
Ciro Gómez, Andrés Rolando, |
| Relator term |
editor |
| 9 (RLIN) |
2727 |
| 942 ## - ADDED ENTRY ELEMENTS (KOHA) |
| Source of classification or shelving scheme |
Dewey Decimal Classification |
| Koha item type |
Books |